The Economics of development and planning / (Record no. 1554)
[ view plain ]
| 000 -LEADER | |
|---|---|
| fixed length control field | 00649cam a22002172 4500 |
| 001 - CONTROL NUMBER | |
| control field | 0000020959 |
| 005 - DATE AND TIME OF LATEST TRANSACTION | |
| control field | 20151021152600.0 |
| 008 - FIXED-LENGTH DATA ELEMENTS--GENERAL INFORMATION | |
| fixed length control field | 120104s xx 000 0 eng d |
| 020 ## - INTERNATIONAL STANDARD BOOK NUMBER | |
| International Standard Book Number | 8182813854 : |
| 040 ## - CATALOGING SOURCE | |
| Original cataloging agency | KABU |
| Transcribing agency | KABU |
| 100 1# - MAIN ENTRY--PERSONAL NAME | |
| Personal name | Jhingan, M. L. |
| -- | 0000154929 |
| 245 14 - TITLE STATEMENT | |
| Title | The Economics of development and planning / |
| Statement of responsibility, etc. | M. L. Jhingan. |
| 250 ## - EDITION STATEMENT | |
| Edition statement | 40th ed. |
| 260 ## - PUBLICATION, DISTRIBUTION, ETC. (IMPRINT) | |
| Place of publication, distribution, etc. | Delhi : |
| Name of publisher, distributor, etc. | Vrinda, |
| Date of publication, distribution, etc. | 2011. |
| 300 ## - PHYSICAL DESCRIPTION | |
| Extent | xxiv, 648 p. |
| 650 #0 - SUBJECT ADDED ENTRY--TOPICAL TERM | |
| Topical term or geographic name as entry element | Economic development. |
| -- | 0000150073 |
| 650 #0 - SUBJECT ADDED ENTRY--TOPICAL TERM | |
| Topical term or geographic name as entry element | Economic policy. |
| -- | 0000150092 |
| 852 1# - LOCATION | |
| -- | p1050 KES |
| 908 ## - PUT COMMAND PARAMETER (RLIN) | |
| Put command parameter | 120104 |
| 950 ## - LOCAL HOLDINGS (RLIN) | |
| -- | 1 |
| Withdrawn status | Lost status | Source of classification or shelving scheme | Not for loan | Home library | Current library | Date acquired | Total Checkouts | Total Renewals | Full call number | Barcode | Date last seen | Date last checked out | Copy number | Price effective from | Koha item type |
|---|---|---|---|---|---|---|---|---|---|---|---|---|---|---|---|
| Library of Congress Classification | Kabarak, Main Campus | Kabarak, Main Campus | 21/10/2015 | 14 | 1 | HD82 .J45 2011 c. 1 | 20403 | 02/08/2024 | 22/03/2022 | c.1 | 21/10/2015 | General Collection |